000
00286nam a2200109Ia 4500
008
220204s9999 xx 000 0 und d
082
_a
002.24791
_b
mar
100
_a
Marion, Jerry
245
0
_a
General physics with bioscience essays
260
_a
New York
_b
John Wiley
_c
1979
942
_c
BK
999
_c
32042
_d
32042